Business plan 1992-1996 (Record no. 101408)

MARC details
000 -LEADER
fixed length control field 00547cam a2200193 4500
001 - CONTROL NUMBER
control field J112346
008 - FIXED-LENGTH DATA ELEMENTS--GENERAL INFORMATION
fixed length control field 000000n1992 000 0 eng u
035 ## - SYSTEM CONTROL NUMBER
System control number (Sirsi) u112346
110 ## - MAIN ENTRY--CORPORATE NAME
Corporate name or jurisdiction name as entry element Institute of Building Control
9 (RLIN) 3341
245 ## - TITLE STATEMENT
Title Business plan 1992-1996
260 ## - PUBLICATION, DISTRIBUTION, ETC.
Place of publication, distribution, etc. London
Name of publisher, distributor, etc. IBC
Date of publication, distribution, etc. 1992
300 ## - PHYSICAL DESCRIPTION
Extent 43p. ; 30cm.
520 ## - SUMMARY, ETC.
Summary, etc. Stored in basement
650 ## - SUBJECT ADDED ENTRY--TOPICAL TERM
Topical term or geographic name entry element INSTITUTE OF BUILDING CONTROL
650 ## - SUBJECT ADDED ENTRY--TOPICAL TERM
Topical term or geographic name entry element IBC
650 ## - SUBJECT ADDED ENTRY--TOPICAL TERM
Topical term or geographic name entry element PROFESSIONAL ASSOCIATIONS
690 ## - LOCAL SUBJECT ADDED ENTRY--TOPICAL TERM (OCLC, RLIN)
Topical term or geographic name as entry element MANAGEMENT-BUSINESS MANAGEMENT-PROFESSIONAL PRACTICE
942 ## - ADDED ENTRY ELEMENTS (KOHA)
Suppress in OPAC 0
Holdings
Withdrawn status Lost status Source of classification or shelving scheme Damaged status Not for loan Home library Current library Shelving location Date acquired Total Checkouts Full call number Barcode Date last seen Copy number Price effective from Koha item type
    Dewey Decimal Classification     London London Basement 02/05/2001   BASEMENT 30064343 06/08/2019 1 06/08/2019 Reference material